Normal view MARC view

Entry Personal Name

Number of records used in: 1

001 - CONTROL NUMBER

  • control field: 764805

003 - CONTROL NUMBER IDENTIFIER

  • control field: OSt

005 - DATE AND TIME OF LATEST TRANSACTION

  • control field: 20250508154001.0

008 - FIXED-LENGTH DATA ELEMENTS

  • fixed length control field: 250508|| aca||aabn | a|a d

040 ## - CATALOGING SOURCE

  • Original cataloging agency: OSt
  • Transcribing agency: OSt

100 ## - HEADING--PERSONAL NAME

  • Personal name: Foster Emery M

670 ## - SOURCE DATA FOUND

  • Source citation: Work cat.: (OSt)1346806: Kahn Gerald 763858, Statistics of local school systems: 1955-56. Chapter 3 section 3 County units, 1959
Copyright @ Delhi University Library System